Cables y conductores para transporte de energía
Uloženo v:
| Hlavní autor: | |
|---|---|
| Médium: | Kniha |
| Jazyk: | španělština |
| Vydáno: |
Madrid
Dossat
1973
|
| Vydání: | 2a. ed |
| Témata: | |
| Tagy: |
Přidat tag
Žádné tagy, Buďte první, kdo vytvoří štítek k tomuto záznamu!
|
MARC
| LEADER | 00000nam a2200000 a 4500 | ||
|---|---|---|---|
| 001 | UCU5277 | ||
| 003 | CL-VaPUC | ||
| 008 | 960531e19730000SP |||||||||||||||||spa|d | ||
| 082 | 0 | 4 | |a 621.319 |b HEI |2 21 |
| 100 | 0 | |a Heinhold, Lothar |e author |9 363199 | |
| 245 | 1 | 0 | |a Cables y conductores para transporte de energía |
| 250 | |a 2a. ed | ||
| 300 | |a 651 p | ||
| 942 | |c BK | ||
| 945 | |d 19960531 00:00:00 |a paguirre | ||
| 260 | |a Madrid |b Dossat |c 1973 | ||
| 650 | 7 | |a CABLES ELECTRICOS |2 CL-VaPUC |9 263131 | |
| 650 | 0 | |a Conductores eléctricos |9 263132 | |
| 650 | 0 | |a Circuitos eléctricos |9 260262 | |
| 650 | 7 | |a PRODUCTOS METALICOS |2 CL-VaPUC |9 361353 | |
| 583 | |a last modification |c 20121219 10:53:26 |k Rodrigo Vera | ||
| 999 | |c 248692 |d 248690 | ||